Estado, Democratización y Desarrollo en Centroamérica y Panamá /
Sparad:
| Institutionella upphovsmän: | , |
|---|---|
| Materialtyp: | Text |
| Publicerad: |
Guatemala:
ACAS
|
| Taggar: |
Lägg till en tagg
Inga taggar, Lägg till första taggen!
|
MARC
| LEADER | 00000 a a2200000 04500 | ||
|---|---|---|---|
| 001 | 25684 | ||
| 003 | |||
| 040 | |||
| 090 | |a 176045 | ||
| 110 | |a Asociación Centroamericana de Sociología, ACS | ||
| 245 | |a Estado, Democratización y Desarrollo en Centroamérica y Panamá / |c Asociación Centroamericana de Sociología, ACS | ||
| 260 | |a Guatemala: |b ACAS | ||
| 300 | |a 1084 p | ||
| 710 | |a Universidad de San Carlos de Guatemala |a Universidad de Rafael Landívar |a FLACSO-Proyecto Guatemala |a Asociación de Investigación y Estudios Sociales, AIES |a Centro de Estudios Políticos, CEP |a Asociación Guatemal | ||
| 999 | |c 3705 |d 3705 | ||
